Zdieľaná ekonomika ako súčasný fenomén spoločnosti - finančná analýza vybraného podniku bakalárska práca

Gespeichert in:
Bibliographische Detailangaben
1. Verfasser: Nováková, Zoja
Körperschaft: Fakulta podnikového manažmentu EU. Katedra podnikovohospodárska
Weitere Verfasser: Čerňanová, Lucia, 1997-
Format: Buch
Sprache:Slowakisch
Veröffentlicht: Bratislava 2024
Tags: Tag hinzufügen
Keine Tags, Fügen Sie das erste Tag hinzu!

MARC

LEADER 00000nbm a2200000 4500
001 0302048
005 20250206092503.7
041 0 |a slo 
044 |a SK 
245 1 0 |a Zdieľaná ekonomika ako súčasný fenomén spoločnosti - finančná analýza vybraného podniku  |b bakalárska práca  |c Zoja Nováková ; školiteľ: Lucia Čerňanová 
264 1 |a Bratislava  |c 2024 
300 |a 60 s. 
100 1 |a Nováková, Zoja 
700 1 |a Čerňanová, Lucia, 1997- 
710 2 |a Fakulta podnikového manažmentu EU. Katedra podnikovohospodárska